000 00279nam a2200121Ia 4500
008 190216s9999||||xx |||||||||||||| ||und||
100 _aJohn Kenneth
245 0 _aEconomic Development
260 _bHarward Unty Press
_c1964
300 _a109p
650 _aEconomics
942 _cBK
999 _c9170
_d9170